Estadísticas para Ciudades Santas

Haz click aquí para tomar la prueba!

Estadísticas generales

  • Esta prueba ha sido tomada 2.373 veces
  • La puntuación promedio es 6 de 12

Estadísticas de respuestas

PoblaciónCiudad% Correcto
8,25 MSantiago de Chile
65%
3,85 MSanto Domingo
63%
7,45 MSan Francisco
62%
2,45 MSan José
62%
22,1 MSan Pablo
59%
1,91 MSan Juan
54%
3,20 MSan Diego
49%
1,96 MSan Salvador
38%
2,35 MSan Antonio
34%
6,50 MSan Petersburgo
32%
2,33 MSan Luis
31%
2,40 MSanta Cruz
23%

Distribución de puntuación

Porcentaje por número respondido

Porcentaje de gente con cada puntuación

Historial de tus puntuaciones

No has tomado esta prueba